00864 a2200193 45000010006000000050017000060080041000230030015000640400040000790800032001192450083001510200018002342640058002523000019003105050288003290410008006171000020006257000025006454593920260407155732.0260407a1989 arg spa dAR-UNSa-BCEJYS aAR-UNSa-BCEJYSbspacAR-UNSa-BCEJYS a330(82)xEconomia Argentina10aLas economías regionales de la Argentina. Crisis y políticas de desarrollo a950-25-1334-7 1aBuenos Aires :bCentro Editor de America Latinac1989 a254 p.c21 cm. a1. la situación socioeconómica de las regiones extra-pampeanas argentinas a partir de 1970 – 2. Los principales procesos productivos regionales: Situación socioeconómica, propuestas y políticas – 3. Propuestas de políticas de desarrollo regional para la Argentina.  aspa1 aManzanal, Mabel1 aRofman, Alejandro B.